Návrh PID regulátorov s dvoma stupňami voľnosti
Gespeichert in:
| 1. Verfasser: | |
|---|---|
| Weitere Verfasser: | |
| Format: | Manuskript Buch |
| Sprache: | Slowakisch |
| Veröffentlicht: |
Bratislava :
STU v Bratislave FEI,
2021
|
| Schlagworte: | |
| Online-Zugang: | https://opac.crzp.sk/?fn=detailBiblioForm&sid=983A108C82E0ACEA905F7F6AE8A0&seo=CRZP-detail-kniha |
| Tags: |
Keine Tags, Fügen Sie das erste Tag hinzu!
|
MARC
| LEADER | 00000ntm a22000003a 4500 | ||
|---|---|---|---|
| 001 | stuzp82311 | ||
| 003 | SK-STU | ||
| 005 | 20211110123852.7 | ||
| 007 | ta | ||
| 008 | 150427s2015----xo-----f-mn---000-0-slo-d | ||
| 040 | |a STU |b slo | ||
| 041 | 0 | |a slo | |
| 044 | |a xo | ||
| 100 | 1 | |a Synak, Samuel |u 031000 |4 aut |U FEI Fakulta elektrotechniky a informatiky |T FEI Ústav robotiky a kybernetiky |X 98368 |U E011 |Y 356 |7 98368 | |
| 242 | 0 | 1 | |a Design of Two Degree of Freedom PID Controllers |y eng |
| 245 | 1 | 0 | |a Návrh PID regulátorov s dvoma stupňami voľnosti |
| 260 | |a Bratislava : |b STU v Bratislave FEI, |c 2021 | ||
| 300 | |a 52 s., príl. | ||
| 650 | 4 | |a 2DoF PID |2 slo | |
| 650 | 4 | |a MNDP |2 slo | |
| 650 | 4 | |a polovičné pravidlo |2 slo | |
| 650 | 4 | |a App Designer |2 slo | |
| 650 | 4 | |a 2DoF PID tuning |2 eng | |
| 650 | 4 | |a MDPM |2 eng | |
| 650 | 4 | |a half rule |2 eng | |
| 650 | 4 | |a App Designer |2 eng | |
| 700 | 1 | |a Paulusová, Jana |u 031000 |k Z1 |4 ths |U FEI Fakulta elektrotechniky a informatiky |T FEI Ústav robotiky a kybernetiky |X 4953 |U E011 |Y 356 |7 A000004953 | |
| 856 | 4 | |u https://opac.crzp.sk/?fn=detailBiblioForm&sid=983A108C82E0ACEA905F7F6AE8A0&seo=CRZP-detail-kniha | |